Club de football (Ligue 1, Ligue 2, National) Saison 25-26 - Statistiques

Statistiques générales
  • Ce quiz a été pris 158 fois
  • Le résultat moyen est 35 sur 53
Statistiques - réponses
Ligue 1 % Correct
Olympique de Marseille
96%
Olympique lyonnais
96%
LOSC Lille
93%
Paris Saint-Germain
93%
FC Nantes
92%
Stade rennais FC
90%
Paris 13 Atletico
89%
Paris FC
89%
RC Lens
89%
RC Strasbourg
87%
Stade brestois 29
87%
AS Monaco
86%
AJ Auxerre
85%
AS Saint-Étienne
85%
FC Lorient
85%
OGC Nice
85%
FC Metz
84%
SCO Angers
83%
Toulouse FC
83%
SM Caen
76%
Amiens SC
74%
Pau FC
72%
ES Troyes AC
71%
Stade de Reims
71%
Dijon FCO
69%
SC Bastia
69%
AS Nancy-Lorraine
68%
Le Havre AC
65%
Le Mans FC
65%
Red Star FC
64%
Clermont Foot 63
61%
Grenoble Foot 38
61%
USL Dunkerque
61%
EA Guingamp
60%
FC Rouen
59%
Valenciennes FC
57%
Rodez AF
55%
Stade lavallois
55%
FC Annecy
54%
FC Sochaux-Montbéliard
52%
US Boulogne
52%
US Orléans
52%
Montpellier HSC
51%
LB Châteauroux
50%
FC Versailles 78
49%
Quevilly Rouen Métropole
42%
US Concarneau
35%
SC Aubagne Air-Bel
33%
FC Fleury 91
31%
FC Villefranche
29%
Bourg-en-Bresse 01
28%
Stade briochin
27%
Le Puy Foot
15%
Aucun quiz correspondant
Distribution des résultats
% des personnes avec chaque résultat
Percentile par nombre de réponses
Votre historique - résultats
Vous n’avez pas pris ce quiz